000 00735nam0a2200241 4500
001 RU\NLR\BIBL_A\011597094
005 20250626095318.0
035 _a(NLR Aleph) 011597094
090 _a10867447
_c10867447
100 _a20180117d1971 |||y0rusy50 ca
101 0 _ache
102 _aRU
105 _ay z 000gy
200 1 _aСедарчийн буьйса
_fШаид Рашидов
210 _aГрозный
_cНохч-ГIалгIайн кн. изд-во
_d1971
215 _a34,[2] с.
_d17
541 1 _aЗвездная ночь
_zrus
686 1 _aШ6(2=Че)7-5
700 1 _aРашидов
_bШ.
_f1940-
_gШаид
_4070
852 _aNLR
_bОНЛ
_jЧеч./2-679
942 _cBOOK
980 _aNB